banner koha

Anti-hiperglycemic effect of Quassia amara (Simaroubaceae) in normal and diabetic rats (Registro n. 299134)

MARC details
000 -LÍDER
fixed length control field 03246nab a2200277 i 4500
003 - CÓDIGO MARC DA AGÊNCIA CATALOGADORA
Campo de controle BR-BrBNA
005 - DATA E HORA DA ÚLTIMA ATUALIZAÇÃO
Campo de controle 20240411144820.0
008 - CAMPO DE TAMANHO FIXO
fixed length control field 240411b2013 bl.qr|pooa||| 00| 0 eng |
040 ## - FONTE DA CATALOGAÇÃO
Agência catalogadora BR-BrBNA
Idioma da catalogação eng
072 ## - CATEGORIA AGRIS
Código AGRIS F60
100 ## - ENTRADA PRINCIPAL - NOME PESSOAL
Nome pessoal Ferreira, S.F.
100 ## - ENTRADA PRINCIPAL - NOME PESSOAL
Nome pessoal Azevedo, S.C.S.F.
100 ## - ENTRADA PRINCIPAL - NOME PESSOAL
Nome pessoal Vardanega-Peicher, M.
100 ## - ENTRADA PRINCIPAL - NOME PESSOAL
Nome pessoal Pagadigorria, C.L.S.
100 ## - ENTRADA PRINCIPAL - NOME PESSOAL
Nome pessoal Garcia, R.F.
245 ## - TÍTULO PRINCIPAL
Título principal Anti-hiperglycemic effect of Quassia amara (Simaroubaceae) in normal and diabetic rats
500 ## - NOTA GERAL
Nota geral Publicação on-line; 34 ref.; 2 illus.;Summaries (En, Pt)
942 ## - ADDED ENTRY ELEMENTS (KOHA)
Koha item type
520 ## - NOTA DE RESUMO
Nota de conteúdo <br/>ABSTRACT: <br/><br/>The anti-hyperglycemic effect of wood powder of Quassia amara (QA) was<br/>evaluated in normal and in alloxan diabetes-induced rats. After a 12 h fast and glycemic<br/>check, the animals were orally given 0.9% of saline (control group), metformin (500 mg/kg) or<br/>QA (200 mg/kg) and, 30 minutes later, they received an oral glucose dose (1g/kg). The blood<br/>glucose level was measured after 30, 60, 90 and 120 minutes. From the oral glucose dose, QA<br/>showed anti-hyperglycemic effects, similar to metformin, only in the diabetic animals (p<0.01)<br/>when compared to the control group. Although the anti-hyperglycemic mechanism of action<br/>of QA was not investigated, a mechanism similar to metformin can be suggested, since both<br/>presented similar results for the conditions tested, that is, normal and diabetic rats. It is believed<br/>that the use of QA in diabetics could help to control the blood glucose levels and be useful as<br/>an alternative therapy.<br/><br/>Keywords: alloxan, anti-hyperglicemic effect, diabetes, Quassia amara
520 ## - NOTA DE RESUMO
Nota de conteúdo <br/>RESUMO: <br/><br/>Efeito anti-hiperglicêmico de Quassia amara (Simaroubaceae) em ratos normais<br/>e diabéticos. O efeito anti-hiperglicemiante do pó do lenho de Quassia amara (QA) foi avaliado<br/>em ratos normais e diabéticos aloxana induzidos. Após jejum de 12 horas e verificação da<br/>glicemia, os animais receberam administração oral de salina 0.9% (grupo controle), metformina<br/>(500 mg/kg) ou QA (200 mg/kg) e 30 minutos depois carga oral de glicose (1g/kg). A glicemia foi<br/>medida nos próximos 30, 60, 90 e 120 minutos. A partir da carga oral de glicose, a QA mostrou<br/>efeito anti-hiperglicemiante, similar a metformina, somente nos animais diabéticos (p<0.01)<br/>quando comparados ao grupo controle. Embora o mecanismo de ação anti-hiperglicemiante<br/>da QA não tenha sido investigado, podemos sugerir um mecanismo semelhante à metformina,<br/>visto que ambos apresentaram resultados similares nas duas condições testadas, ou seja,<br/>animais normais e diabéticos. Acredita-se que o uso de QA, em diabéticos, possa auxiliar no<br/>controle da glicemia e servir como terapia alternativa.<br/><br/>Palavras-chave: aloxana, efeito anti-hiperglicemiante, diabetes, Quassia amara
650 ## - ASSUNTO - THESAGRO
Cabeçalho tópico ou nome geográfico DIABETE
650 ## - ASSUNTO - THESAGRO
Cabeçalho tópico ou nome geográfico PLANTA MEDICINAL
773 0# - ENTRADA ANALÍTICA
Host Biblionumber 3543
Registro do item 314345
Imprenta Botucatu-SP Instituto de Biociências - Departamento de Química e Bioquímica 1998
Outro identificador 2024-0601
Título Revista Brasileira de Plantas Medicinais (Brazil)
ISSN 1516-0572
Colação v. 15(3) p. 368-372; (2013)
Número de controle de registro BR2024000464
856 ## - ACESSO E ENDEREÇO ELETRÔNICO
Identificador uniforme de recurso - URI https://www.scielo.br/j/rbpm/a/QYmhzwbrRhjCyGVS6LWbxtF/?format=pdf&lang=en

Nenhum exemplar disponível.

BINAGRI

Telefone: (61)3218-2567/2388/3357/2097 - binagri@agro.gov.br

Ministério da Agricultura e Pecuária , Esplanada dos Ministérios, Bloco D, Anexo B, Brasília/DF, CEP: 70.043-900